[Event "Adygea blitz op"]
[Site "Maikop"]
[Date "2019.05.04"]
[Round "9"]
[White "Dubinskaya, Yuliya"]
[Black "Pchelkin, Vladimir1111"]
[Result "0-1"]
[WhiteElo "1325"]
[BlackElo "1612"]
[PlyCount "148"]
[EventDate "2019.05.04"]
[EventType "swiss (blitz)"]
[EventRounds "11"]
[EventCountry "RUS"]
[SourceTitle "CBM 190 Extra"]
[Source "ChessBase"]
[SourceDate "2019.07.15"]
[SourceVersion "1"]
[SourceVersionDate "2019.07.15"]
[SourceQuality "1"]

1. d4 d5 2. c4 c6 3. Nc3 Nf6 4. Bf4 Bf5 5. cxd5 Nxd5 6. Qb3 Qb6 7. Nxd5 cxd5 8. Qxb6 axb6 9. e3 Bd7 10. Nf3 e6 11. Bd3 Bc6 12. 0-0 Be7 13. Ne5 0-0 14. a3 Nd7 15. Rac1 Nxe5 16. Bxe5 b5 17. Bc2 b4 18. axb4 Bxb4 19. Rfd1 f6 20. Bg3 Rfc8 21. Bd3 Kf7 22. Bxh7 g6 23. Rd3 Kg7 24. Bxg6 Kxg6 25. Rb3 Be7 26. Rbc3 Ra2 27. b3 Bb4 28. R3c2 Rca8 29. Rxa2 Rxa2 30. Rb1 Bb5 31. h3 Bd3 32. Rc1 Rb2 33. Rc7 Ba5 34. Rxb7 Rb1+ 35. Kh2 Bc2 36. Ra7 Be1 37. Ra6 Kf5 38. Bh4 Rxb3 39. g4+ Kg6 40. Rxe6 Be4 41. Rxf6+ Kg7 42. Ra6 Rb2 43. Kg1 Rb1 44. Kh2 Bd2 45. Kg3 Rg1+ 46. Kf4 Be1 47. Ra7+ Kf8 48. g5 Rh1 49. g6 Rxh3 50. g7+ Kg8 51. Bf6 Bh7 52. Kg4 Rh6 53. Kg5 Rg6+ 54. Kf5 Rxg7+ 55. Ke6 Rxa7 56. Kxd5 Bxf2 57. e4 Kf7 58. Be5 Ke7 59. Bd6+ Kd7 60. Be5 Ra5+ 61. Kc4 Bxe4 62. Bf4 Kc6 63. Be5 Be1 64. Kb3 Kd5 65. Kb2 Rb5+ 66. Kc1 Bc3 67. Kd1 Bxd4 68. Bxd4 Kxd4 69. Ke2 Rb3 70. Kf2 Rf3+ 71. Ke2 Rh3 72. Kf2 Bf3 73. Kg1 Ke3 74. Kf1 Rg3 0-1

[Event "Adygea blitz op"]
[Site "Maikop"]
[Date "2019.05.04"]
[Round "11"]
[White "Dubinskaya, Yuliya"]
[Black "Tletseri, Julietta"]
[Result "0-1"]
[WhiteElo "1325"]
[BlackElo "1818"]
[PlyCount "82"]
[EventDate "2019.05.04"]
[EventType "swiss (blitz)"]
[EventRounds "11"]
[EventCountry "RUS"]
[SourceTitle "CBM 190 Extra"]
[Source "ChessBase"]
[SourceDate "2019.07.15"]
[SourceVersion "1"]
[SourceVersionDate "2019.07.15"]
[SourceQuality "1"]

1. d4 Nf6 2. c4 g6 3. Nc3 Bg7 4. Bf4 d6 5. e3 0-0 6. h3 Nfd7 7. Nf3 h6 8. Be2 e5 9. dxe5 dxe5 10. Bh2 c6 11. 0-0 Na6 12. Rc1 Qe7 13. a3 Rd8 14. Qc2 f5 15. Rfd1 Kh7 16. Rd2 Nb6 17. Rxd8 Qxd8 18. Rd1 Qe7 19. b4 Be6 20. c5 Nd7 21. Rd2 Nc7 22. Qd1 Nd5 23. Nxd5 cxd5 24. Qc2 Rc8 25. a4 a6 26. Qc1 Nb8 27. Rc2 Nc6 28. b5 axb5 29. axb5 Nb4 30. Rb2 e4 31. Nd4 Rxc5 32. Qd2 Bxd4 33. exd4 Rc8 34. Qxb4 Rc1+ 35. Bf1 Qxb4 36. Rxb4 g5 37. g3 f4 38. Kg2 f3+ 39. Kg1 Bxh3 40. Rb1 Rxb1 41. g4 Rxf1# 0-1